[Event "WCO 2016"]
[Site "?"]
[Date "2016.09.13"]
[Round "11"]
[Board "6"]
[WhiteID "2804344"]
[White "Postny Evgeny"]
[BlackID "2906074"]
[Black "Iotov Valentin"]
[Result "1-0"]
[BlackElo "2518"]
[WhiteElo "2619"]
[LiveChessVersion "1.4.8"]

1. d4 {[%clk 1:30:56]} d5 {[%clk 1:30:57]} 2. c4 {[%clk 1:31:21]} c6
{[%clk 1:31:21]} 3. Nf3 {[%clk 1:31:46]} Nf6 {[%clk 1:31:47]} 4. Nc3
{[%clk 1:32:10]} dxc4 {[%clk 1:32:04]} 5. a4 {[%clk 1:32:34]} e6 {[%clk 1:32:23]}
6. e3 {[%clk 1:31:37]} c5 {[%clk 1:32:25]} 7. Bxc4 {[%clk 1:31:58]} Nc6
{[%clk 1:32:35]} 8. O-O {[%clk 1:32:15]} cxd4 {[%clk 1:32:47]} 9. Nxd4
{[%clk 1:32:01]} Bd7 {[%clk 1:32:24]} 10. Qe2 {[%clk 1:30:10]} Ne5
{[%clk 1:31:28]} 11. Bb5 {[%clk 1:24:17]} a6 {[%clk 1:01:14]} 12. Bxd7+
{[%clk 1:24:22]} Nexd7 {[%clk 1:01:27]} 13. e4 {[%clk 1:21:51]} Bc5
{[%clk 0:47:58]} 14. Nf3 {[%clk 1:20:56]} e5 {[%clk 0:37:38]} 15. Bg5
{[%clk 1:07:02]} h6 {[%clk 0:24:27]} 16. Bxf6 {[%clk 1:06:32]} Qxf6
{[%clk 0:18:12]} 17. Nd5 {[%clk 0:58:58]} Qd8 {[%clk 0:15:28]} 18. b4
{[%clk 0:53:08]} Bd4 {[%clk 0:05:59]} 19. Nxd4 {[%clk 0:40:56]} exd4
{[%clk 0:06:28]} 20. Rad1 {[%clk 0:32:05]} O-O {[%clk 0:06:35]} 21. Rxd4
{[%clk 0:32:27]} Nb6 {[%clk 0:06:23]} 22. Rfd1 {[%clk 0:26:47]} Nxd5
{[%clk 0:06:51]} 23. Rxd5 {[%clk 0:27:10]} Qb6 {[%clk 0:06:30]} 24. Qd2
{[%clk 0:26:40]} Rac8 {[%clk 0:03:28]} 25. Rd6 {[%clk 0:20:40]} Rc6
{[%clk 0:03:09]} 26. a5 {[%clk 0:20:52]} Rxd6 {[%clk 0:02:07]} 27. Qxd6
{[%clk 0:21:09]} Qb5 {[%clk 0:02:24]} 28. h3 {[%clk 0:18:47]} Rc8
{[%clk 0:01:24]} 29. Qd7 {[%clk 0:11:12]} Rc4 {[%clk 0:01:00]} 30. Qe7
{[%clk 0:11:29]} Qxb4 {[%clk 0:00:34]} 31. Rd8+ {[%clk 0:10:43]} Kh7
{[%clk 0:01:04]} 32. Qxf7 {[%clk 0:10:53]} Qb1+ {[%clk 0:00:34]} 33. Kh2
{[%clk 0:11:21]} Qxe4 {[%clk 0:00:58]} 34. Qg8+ {[%clk 0:11:36]} Kg6
{[%clk 0:01:27]} 35. Rd6+ {[%clk 0:11:39]} Kh5 {[%clk 0:00:43]} 36. Qf7+
{[%clk 0:11:21]} g6 {[%clk 0:00:50]} 37. g4+ {[%clk 0:11:03]} 1-0

[Event "WCO 2016"]
[Site "?"]
[Date "2016.09.13"]
[Round "11"]
[Board "7"]
[WhiteID "2905434"]
[White "Rusev Krasimir"]
[BlackID "2809052"]
[Black "Nabaty Tamir"]
[Result "0-1"]
[BlackElo "2630"]
[WhiteElo "2548"]
[LiveChessVersion "1.4.8"]

1. Nf3 {[%clk 1:30:52]} d5 {[%clk 1:29:31]} 2. e3 {[%clk 1:31:19]} Nf6
{[%clk 1:26:11]} 3. c4 {[%clk 1:31:45]} c5 {[%clk 1:26:00]} 4. cxd5
{[%clk 1:31:28]} Nxd5 {[%clk 1:26:27]} 5. Nc3 {[%clk 1:31:25]} Nc6
{[%clk 1:17:55]} 6. Bb5 {[%clk 1:31:53]} Nxc3 {[%clk 1:17:24]} 7. bxc3
{[%clk 1:32:15]} Qc7 {[%clk 1:15:16]} 8. d4 {[%clk 1:23:27]} e6 {[%clk 1:13:59]}
9. O-O {[%clk 1:15:53]} Bd6 {[%clk 1:13:31]} 10. Ba3 {[%clk 0:57:46]} b6
{[%clk 0:58:50]} 11. dxc5 {[%clk 0:49:23]} bxc5 {[%clk 0:59:17]} 12. Ng5
{[%clk 0:48:08]} Bb7 {[%clk 0:58:34]} 13. Ne4 {[%clk 0:40:27]} Bxh2+
{[%clk 0:50:00]} 14. Kh1 {[%clk 0:38:59]} O-O {[%clk 0:50:04]} 15. f4
{[%clk 0:34:33]} Ne7 {[%clk 0:46:21]} 16. Nxc5 {[%clk 0:32:43]} Rfd8
{[%clk 0:36:58]} 17. Qe1 {[%clk 0:24:45]} Rd5 {[%clk 0:31:34]} 18. Kxh2
{[%clk 0:18:02]} Rxc5 {[%clk 0:27:26]} 19. Bxc5 {[%clk 0:18:27]} Qxc5
{[%clk 0:27:52]} 20. Bd3 {[%clk 0:14:44]} Qh5+ {[%clk 0:28:06]} 21. Kg1
{[%clk 0:14:57]} Bxg2 {[%clk 0:28:29]} 22. Bxh7+ {[%clk 0:09:32]} Qxh7
{[%clk 0:28:54]} 23. Kxg2 {[%clk 0:09:56]} Qe4+ {[%clk 0:29:12]} 24. Kf2
{[%clk 0:09:45]} Nf5 {[%clk 0:29:29]} 25. Qe2 {[%clk 0:09:37]} Rb8
{[%clk 0:29:02]} 26. Rad1 {[%clk 0:09:14]} e5 {[%clk 0:25:30]} 27. Rd3
{[%clk 0:02:30]} g6 {[%clk 0:15:57]} 28. Rfd1 {[%clk 0:00:40]} Kg7
{[%clk 0:12:06]} 29. Qf3 {[%clk 0:00:49]} Qa4 {[%clk 0:11:13]} 30. e4
{[%clk 0:00:32]} Nh4 {[%clk 0:10:16]} 31. Qg3 {[%clk 0:00:59]} Rb2+
{[%clk 0:10:12]} 32. R1d2 {[%clk 0:01:16]} Qxa2 {[%clk 0:10:16]} 33. Ke3
{[%clk 0:01:12]} exf4+ {[%clk 0:06:48]} 34. Qxf4 {[%clk 0:01:40]} Ng2+
{[%clk 0:07:01]} 35. Rxg2 {[%clk 0:02:06]} Rxg2 {[%clk 0:07:28]} 36. Qe5+
{[%clk 0:01:45]} Kh7 {[%clk 0:07:37]} 37. Kd4 {[%clk 0:02:13]} Rh2
{[%clk 0:05:02]} 38. Qd5 {[%clk 0:00:38]} Qf2+ {[%clk 0:05:24]} 39. Kc4
{[%clk 0:01:03]} Rh5 {[%clk 0:05:48]} 40. e5 {[%clk 0:31:14]} Rh4+
{[%clk 0:30:59]} 41. Rd4 {[%clk 0:28:05]} Rh3 {[%clk 0:30:55]} 42. Kb3
{[%clk 0:26:33]} Rh2 {[%clk 0:29:33]} 43. Kb4 {[%clk 0:26:48]} Qb2+
{[%clk 0:28:43]} 44. Qb3 {[%clk 0:26:56]} a5+ {[%clk 0:28:54]} 45. Kc4
{[%clk 0:26:58]} Qe2+ {[%clk 0:28:28]} 46. Kd5 {[%clk 0:27:24]} Rh5
{[%clk 0:28:28]} 47. Re4 {[%clk 0:25:53]} Qd3+ {[%clk 0:28:02]} 48. Rd4
{[%clk 0:26:21]} Qf5 {[%clk 0:27:33]} 49. Kc6 {[%clk 0:26:47]} Qc8+
{[%clk 0:27:48]} 50. Kd6 {[%clk 0:27:11]} Qf8+ {[%clk 0:26:44]} 51. Kd5
{[%clk 0:27:34]} Qe7 {[%clk 0:26:55]} 0-1

[Event "WCO 2016"]
[Site "?"]
[Date "2016.09.13"]
[Round "11"]
[Board "8"]
[WhiteID "2804158"]
[White "Roiz Michael"]
[BlackID "2911086"]
[Black "Petrov Martin"]
[Result "1-0"]
[BlackElo "2458"]
[WhiteElo "2605"]
[LiveChessVersion "1.4.8"]

1. d4 {[%clk 1:30:55]} Nf6 {[%clk 1:30:27]} 2. Nf3 {[%clk 1:31:18]} e6
{[%clk 1:30:49]} 3. Bf4 {[%clk 1:31:40]} c5 {[%clk 1:27:27]} 4. e3
{[%clk 1:30:47]} Nc6 {[%clk 1:22:12]} 5. c3 {[%clk 1:27:57]} d5 {[%clk 1:19:42]}
6. Nbd2 {[%clk 1:27:17]} Bd6 {[%clk 1:19:04]} 7. Bg3 {[%clk 1:27:10]} Qe7
{[%clk 1:08:50]} 8. Bb5 {[%clk 1:22:14]} Bd7 {[%clk 1:08:25]} 9. Qe2
{[%clk 1:01:04]} a6 {[%clk 1:02:31]} 10. Bxd6 {[%clk 0:56:42]} Qxd6
{[%clk 1:02:56]} 11. Bd3 {[%clk 0:57:01]} O-O {[%clk 0:57:06]} 12. O-O
{[%clk 0:53:12]} e5 {[%clk 0:53:23]} 13. dxc5 {[%clk 0:50:14]} Qxc5
{[%clk 0:53:49]} 14. e4 {[%clk 0:50:41]} Bg4 {[%clk 0:46:48]} 15. h3
{[%clk 0:46:37]} Bxf3 {[%clk 0:40:59]} 16. Qxf3 {[%clk 0:45:50]} d4
{[%clk 0:40:41]} 17. Rac1 {[%clk 0:42:35]} Rac8 {[%clk 0:37:46]} 18. Nb3
{[%clk 0:40:07]} Qb6 {[%clk 0:38:05]} 19. cxd4 {[%clk 0:34:51]} Nxd4
{[%clk 0:37:44]} 20. Qe3 {[%clk 0:34:20]} Nd7 {[%clk 0:32:26]} 21. Bc4
{[%clk 0:29:42]} Nxb3 {[%clk 0:30:35]} 22. Qxb3 {[%clk 0:29:20]} Qxb3
{[%clk 0:30:45]} 23. Bxb3 {[%clk 0:29:46]} Nf6 {[%clk 0:31:06]} 24. f4
{[%clk 0:22:28]} Rce8 {[%clk 0:14:39]} 25. fxe5 {[%clk 0:17:31]} Rxe5
{[%clk 0:14:56]} 26. Rc7 {[%clk 0:17:58]} b5 {[%clk 0:13:14]} 27. Ra7
{[%clk 0:17:48]} Rxe4 {[%clk 0:13:11]} 28. Rxa6 {[%clk 0:12:12]} h5
{[%clk 0:11:03]} 29. Rb6 {[%clk 0:10:41]} b4 {[%clk 0:11:10]} 30. Rb7
{[%clk 0:10:38]} Rd8 {[%clk 0:03:10]} 31. Bxf7+ {[%clk 0:08:20]} Kh8
{[%clk 0:03:35]} 32. Bg6 {[%clk 0:05:25]} Re2 {[%clk 0:03:08]} 33. Rxb4
{[%clk 0:05:38]} Rdd2 {[%clk 0:03:14]} 34. Rb8+ {[%clk 0:06:04]} Ng8
{[%clk 0:03:39]} 35. Rff8 {[%clk 0:06:28]} Rxg2+ {[%clk 0:03:37]} 36. Kf1
{[%clk 0:06:55]} 1-0

[Event "WCO 2016"]
[Site "?"]
[Date "2016.09.13"]
[Round "11"]
[Board "9"]
[WhiteID "12800023"]
[White "Rozentalis Eduardas"]
[BlackID "13702661"]
[Black "Jumabayev Rinat"]
[Result "1/2-1/2"]
[BlackElo "2604"]
[WhiteElo "2565"]
[LiveChessVersion "1.4.8"]

1. e4 {[%clk 1:30:57]} e5 {[%clk 1:30:39]} 2. Nf3 {[%clk 1:30:54]} Nc6
{[%clk 1:31:04]} 3. Bb5 {[%clk 1:31:04]} a6 {[%clk 1:31:29]} 4. Bxc6
{[%clk 1:31:31]} dxc6 {[%clk 1:31:55]} 5. O-O {[%clk 1:31:38]} f6
{[%clk 1:32:22]} 6. d4 {[%clk 1:31:42]} Bg4 {[%clk 1:32:46]} 7. c3
{[%clk 1:31:13]} Bd6 {[%clk 1:30:04]} 8. Be3 {[%clk 1:31:16]} Ne7
{[%clk 1:30:28]} 9. Nbd2 {[%clk 1:31:21]} exd4 {[%clk 1:13:59]} 10. cxd4 Qd7
{[%clk 1:12:30]} 11. a3 {[%clk 1:08:35]} Ng6 {[%clk 1:09:00]} 12. Rc1
{[%clk 1:03:17]} O-O-O {[%clk 1:01:14]} 13. Re1 {[%clk 0:54:56]} Rhe8
{[%clk 0:45:13]} 14. h3 {[%clk 0:50:33]} Be6 {[%clk 0:34:10]} 15. Qc2
{[%clk 0:48:48]} Kb8 {[%clk 0:26:43]} 16. b4 {[%clk 0:46:24]} f5 {[%clk 0:23:26]}
17. exf5 {[%clk 0:38:42]} Bxf5 {[%clk 0:23:50]} 18. Qd1 {[%clk 0:36:42]} h6
{[%clk 0:17:29]} 19. Nc4 {[%clk 0:34:35]} Bxh3 {[%clk 0:16:00]} 20. Nxd6
{[%clk 0:27:25]} Qg4 {[%clk 0:14:17]} 21. Nh4 {[%clk 0:27:49]} Qxd1
{[%clk 0:13:26]} 22. Rcxd1 {[%clk 0:25:35]} Rxd6 {[%clk 0:13:38]} 23. Nxg6
{[%clk 0:21:38]} Rxg6 {[%clk 0:14:04]} 24. g3 {[%clk 0:22:05]} Bg4
{[%clk 0:05:57]} 25. Bf4 {[%clk 0:21:32]} Rge6 {[%clk 0:05:03]} 26. Rxe6
{[%clk 0:20:59]} Rxe6 {[%clk 0:05:33]} 27. Rd3 {[%clk 0:16:56]} Re1+
{[%clk 0:02:48]} 28. Kg2 {[%clk 0:16:47]} g5 {[%clk 0:01:54]} 29. Re3
{[%clk 0:16:00]} Be2 {[%clk 0:02:20]} 30. Be5 {[%clk 0:15:25]} Bf1+
{[%clk 0:00:36]} 31. Kf3 {[%clk 0:14:38]} Rd1 {[%clk 0:00:45]} 32. Kg4
{[%clk 0:14:34]} Rd2 {[%clk 0:00:33]} 33. Kh5 {[%clk 0:12:01]} Rxf2
{[%clk 0:00:37]} 34. Kxh6 {[%clk 0:12:27]} g4 {[%clk 0:00:50]} 35. Bf4
{[%clk 0:11:19]} Rf3 {[%clk 0:00:40]} 36. Kg5 {[%clk 0:11:18]} Rxe3
{[%clk 0:00:42]} 37. Bxe3 {[%clk 0:11:40]} Be2 {[%clk 0:01:06]} 38. Bf4
{[%clk 0:11:17]} Kc8 {[%clk 0:01:22]} 39. Be5 {[%clk 0:11:39]} Bd1
{[%clk 0:01:38]} 40. Kf4 {[%clk 0:42:03]} Kd7 {[%clk 0:32:06]} 41. Ke3
{[%clk 0:42:25]} b6 {[%clk 0:30:09]} 42. Kd2 {[%clk 0:40:54]} Bf3
{[%clk 0:30:28]} 43. Kc3 {[%clk 0:41:12]} Be4 {[%clk 0:30:52]} 44. Bf4
{[%clk 0:41:31]} Kc8 {[%clk 0:31:17]} 45. Be5 {[%clk 0:41:40]} Kb7
{[%clk 0:31:38]} 46. Bf4 {[%clk 0:41:44]} a5 {[%clk 0:31:53]} 47. bxa5
{[%clk 0:41:29]} bxa5 {[%clk 0:32:10]} 48. Be5 {[%clk 0:41:47]} Kb6
{[%clk 0:32:36]} 49. Bf4 {[%clk 0:42:13]} Bd5 {[%clk 0:32:43]} 1/2-1/2

[Event "WCO 2016"]
[Site "?"]
[Date "2016.09.13"]
[Round "11"]
[Board "10"]
[WhiteID "13702467"]
[White "Utegaliyev Azamat"]
[BlackID "12803731"]
[Black "Laurusas Tomas"]
[Result "1-0"]
[BlackElo "2437"]
[WhiteElo "2513"]
[LiveChessVersion "1.4.8"]

1. e4 {[%clk 1:30:54]} e5 {[%clk 1:29:02]} 2. Nf3 {[%clk 1:31:19]} Nf6
{[%clk 1:29:27]} 3. Nc3 {[%clk 1:31:44]} Nc6 {[%clk 1:29:25]} 4. g3
{[%clk 1:32:03]} Bc5 {[%clk 1:26:47]} 5. Bg2 {[%clk 1:32:10]} d6 {[%clk 1:27:00]}
6. d3 {[%clk 1:32:14]} O-O {[%clk 1:25:20]} 7. Na4 {[%clk 1:32:19]} h6
{[%clk 1:22:40]} 8. O-O {[%clk 1:30:12]} Be6 {[%clk 1:22:31]} 9. b3
{[%clk 1:25:28]} Qd7 {[%clk 1:21:27]} 10. Nxc5 {[%clk 1:25:35]} dxc5
{[%clk 1:21:55]} 11. Bb2 {[%clk 1:25:59]} Bg4 {[%clk 1:22:07]} 12. h3
{[%clk 1:24:10]} Bxf3 {[%clk 1:21:06]} 13. Qxf3 {[%clk 1:24:27]} Nd4
{[%clk 1:21:31]} 14. Qd1 {[%clk 1:24:50]} a5 {[%clk 1:18:51]} 15. a4
{[%clk 1:24:24]} Rfe8 {[%clk 1:16:24]} 16. f4 {[%clk 1:23:34]} Ra6
{[%clk 1:16:45]} 17. fxe5 {[%clk 1:21:15]} Rxe5 {[%clk 1:12:26]} 18. c3
{[%clk 1:21:37]} Ne6 {[%clk 1:12:50]} 19. d4 {[%clk 1:22:03]} cxd4
{[%clk 1:12:43]} 20. cxd4 {[%clk 1:22:30]} Rg5 {[%clk 1:13:03]} 21. Kh2
{[%clk 0:57:39]} Rb6 {[%clk 1:02:27]} 22. e5 {[%clk 0:56:41]} Nd5
{[%clk 1:02:44]} 23. Qf3 {[%clk 0:56:40]} c6 {[%clk 1:02:25]} 24. h4
{[%clk 0:57:02]} Rg6 {[%clk 1:02:41]} 25. Bh3 {[%clk 0:56:48]} h5
{[%clk 1:00:35]} 26. Rad1 {[%clk 0:53:00]} Qe7 {[%clk 0:53:31]} 27. Ba3
{[%clk 0:51:14]} Qe8 {[%clk 0:53:47]} 28. Bd6 {[%clk 0:49:06]} Rh6
{[%clk 0:51:42]} 29. Rd3 {[%clk 0:48:11]} Rh7 {[%clk 0:46:10]} 30. Qxf7+
{[%clk 0:47:59]} Qxf7 {[%clk 0:46:31]} 31. Bxe6 {[%clk 0:48:27]} g6
{[%clk 0:46:43]} 32. Rxf7 {[%clk 0:48:50]} Rxf7 {[%clk 0:47:07]} 33. Rf3
{[%clk 0:49:19]} 1-0

[Event "WCO 2016"]
[Site "?"]
[Date "2016.09.13"]
[Round "11"]
[Board "11"]
[WhiteID "12800112"]
[White "Sulskis Sarunas"]
[BlackID "13700316"]
[Black "Kazhgaleyev Murtas"]
[Result "1/2-1/2"]
[BlackElo "2594"]
[WhiteElo "2519"]
[LiveChessVersion "1.4.8"]

1. e4 {[%clk 1:30:55]} e5 {[%clk 1:30:54]} 2. Bc4 {[%clk 1:30:51]} Nf6
{[%clk 1:31:16]} 3. d3 {[%clk 1:31:16]} Nc6 {[%clk 1:30:56]} 4. Nf3
{[%clk 1:31:24]} Bc5 {[%clk 1:31:13]} 5. c3 {[%clk 1:30:47]} d6 {[%clk 1:30:07]}
6. O-O {[%clk 1:30:55]} Bb6 {[%clk 1:29:56]} 7. a4 {[%clk 1:30:04]} h6
{[%clk 1:26:27]} 8. Nbd2 {[%clk 1:27:40]} O-O {[%clk 1:25:27]} 9. Bb3
{[%clk 1:26:21]} a6 {[%clk 1:20:22]} 10. Nc4 {[%clk 1:19:43]} Ba7
{[%clk 1:19:12]} 11. Ne3 {[%clk 1:19:43]} Be6 {[%clk 1:17:09]} 12. Re1
{[%clk 1:04:34]} Qd7 {[%clk 1:11:37]} 13. a5 {[%clk 1:03:31]} Bxe3
{[%clk 1:02:51]} 14. Bxe3 {[%clk 1:03:20]} Bxb3 {[%clk 1:03:07]} 15. Qxb3
{[%clk 1:03:41]} d5 {[%clk 1:03:28]} 16. Bc5 {[%clk 0:49:15]} Rfe8
{[%clk 1:01:14]} 17. h3 {[%clk 0:49:39]} Rab8 {[%clk 0:59:18]} 18. Qa2
{[%clk 0:36:12]} Rbd8 {[%clk 0:56:34]} 19. b4 {[%clk 0:31:23]} Qe6
{[%clk 0:55:37]} 20. Qe2 {[%clk 0:28:40]} Rd7 {[%clk 0:47:58]} 21. Reb1
{[%clk 0:27:02]} Ne7 {[%clk 0:42:53]} 22. Bxe7 {[%clk 0:25:25]} Rexe7
{[%clk 0:42:56]} 23. b5 {[%clk 0:24:18]} Nh5 {[%clk 0:39:38]} 24. bxa6
{[%clk 0:18:39]} Qxa6 {[%clk 0:38:34]} 25. g3 {[%clk 0:16:42]} Nf6
{[%clk 0:36:02]} 26. c4 {[%clk 0:14:02]} dxc4 {[%clk 0:26:36]} 27. dxc4
{[%clk 0:14:06]} Rd6 {[%clk 0:26:31]} 28. Rb5 {[%clk 0:12:10]} b6
{[%clk 0:17:08]} 29. Nxe5 {[%clk 0:12:03]} Rde6 {[%clk 0:12:31]} 30. Qb2
{[%clk 0:12:04]} bxa5 {[%clk 0:12:29]} 31. Raxa5 {[%clk 0:06:15]} Qd6
{[%clk 0:12:47]} 32. Kg2 {[%clk 0:05:57]} Re8 {[%clk 0:10:34]} 33. Rb8
{[%clk 0:02:34]} c5 {[%clk 0:08:43]} 34. Rxe8+ {[%clk 0:02:06]} Rxe8
{[%clk 0:09:08]} 35. Nf3 {[%clk 0:01:39]} Nxe4 {[%clk 0:08:43]} 36. Qb7
{[%clk 0:01:38]} Qe6 {[%clk 0:06:31]} 37. Ra8 {[%clk 0:01:42]} Rxa8
{[%clk 0:06:00]} 38. Qxa8+ {[%clk 0:02:07]} Kh7 {[%clk 0:06:27]} 39. Qd5
{[%clk 0:01:55]} Qxd5 {[%clk 0:05:13]} 40. cxd5 {[%clk 0:32:19]} Kg6
{[%clk 0:35:22]} 41. Ne5+ {[%clk 0:18:38]} Kf6 {[%clk 0:32:07]} 42. d6
{[%clk 0:17:57]} Ke6 {[%clk 0:26:47]} 43. d7 {[%clk 0:16:59]} Ke7
{[%clk 0:27:11]} 44. Nxf7 {[%clk 0:12:41]} Kxd7 {[%clk 0:27:37]} 45. f4
{[%clk 0:13:01]} Ke6 {[%clk 0:24:29]} 46. Ne5 {[%clk 0:13:20]} Kd5
{[%clk 0:24:45]} 47. Kf3 {[%clk 0:13:30]} Nd6 {[%clk 0:24:58]} 48. g4
{[%clk 0:12:25]} Nc4 {[%clk 0:19:21]} 49. Ng6 {[%clk 0:10:52]} Nd6
{[%clk 0:16:15]} 50. Ke3 {[%clk 0:10:01]} c4 {[%clk 0:16:07]} 51. h4
{[%clk 0:09:18]} h5 {[%clk 0:12:26]} 52. gxh5 {[%clk 0:09:17]} Nf5+
{[%clk 0:10:26]} 53. Kd2 {[%clk 0:08:21]} Kd4 {[%clk 0:09:16]} 54. Nf8
{[%clk 0:08:03]} c3+ {[%clk 0:09:06]} 55. Kc2 {[%clk 0:07:04]} Ne3+
{[%clk 0:07:58]} 56. Kc1 {[%clk 0:07:23]} Kd3 {[%clk 0:08:00]} 57. Ne6
{[%clk 0:07:25]} Nf5 {[%clk 0:08:17]} 58. Nc5+ {[%clk 0:06:44]} Kc4
{[%clk 0:08:17]} 59. Ne6 {[%clk 0:06:29]} Kd3 {[%clk 0:05:24]} 60. Nc5+
{[%clk 0:06:45]} Kc4 {[%clk 0:05:34]} 61. Ne6 {[%clk 0:07:07]} Kd3
{[%clk 0:06:00]} 1/2-1/2

[Event "WCO 2016"]
[Site "?"]
[Date "2016.09.13"]
[Round "11"]
[Board "12"]
[WhiteID "13701525"]
[White "Ismagambetov Anuar"]
[BlackID "12809390"]
[Black "Pultinevicius Paulius"]
[Result "1/2-1/2"]
[BlackElo "2351"]
[WhiteElo "2542"]
[LiveChessVersion "1.4.8"]

1. e4 {[%clk 1:30:56]} e5 {[%clk 1:30:55]} 2. Nf3 {[%clk 1:31:17]} Nf6
{[%clk 1:31:18]} 3. Nxe5 {[%clk 1:28:39]} d6 {[%clk 1:31:41]} 4. Nf3
{[%clk 1:29:03]} Nxe4 {[%clk 1:32:02]} 5. d3 {[%clk 1:28:53]} Nf6
{[%clk 1:31:40]} 6. d4 {[%clk 1:29:17]} d5 {[%clk 1:30:16]} 7. Bd3
{[%clk 1:28:32]} Bd6 {[%clk 1:26:20]} 8. Qe2+ {[%clk 1:27:43]} Qe7
{[%clk 1:23:46]} 9. Qxe7+ {[%clk 1:27:05]} Bxe7 {[%clk 1:24:09]} 10. Bf4
{[%clk 1:26:41]} Bd6 {[%clk 1:02:23]} 11. Bxd6 {[%clk 1:25:53]} cxd6
{[%clk 1:02:53]} 12. O-O {[%clk 1:23:10]} O-O {[%clk 1:02:56]} 13. c3
{[%clk 1:19:57]} Nc6 {[%clk 1:02:04]} 14. Na3 {[%clk 1:19:49]} Bg4
{[%clk 1:02:09]} 15. Nd2 {[%clk 1:19:53]} Rfe8 {[%clk 1:01:56]} 16. Rfe1
{[%clk 1:19:09]} Bh5 {[%clk 0:55:06]} 17. f4 {[%clk 1:10:44]} Bg4
{[%clk 0:52:20]} 18. h3 {[%clk 1:09:48]} Bd7 {[%clk 0:52:08]} 19. Kf2
{[%clk 1:05:20]} a6 {[%clk 0:47:47]} 20. Nc2 {[%clk 1:00:54]} Rxe1
{[%clk 0:45:00]} 21. Rxe1 {[%clk 1:00:48]} Ne8 {[%clk 0:42:03]} 22. Ne3
{[%clk 0:53:26]} Nc7 {[%clk 0:40:45]} 23. Be2 {[%clk 0:45:54]} Kf8
{[%clk 0:38:43]} 24. Bf3 {[%clk 0:44:39]} Ne7 {[%clk 0:39:11]} 25. g4
{[%clk 0:43:19]} b5 {[%clk 0:37:51]} 26. a3 {[%clk 0:41:40]} a5 {[%clk 0:36:27]}
27. Rc1 {[%clk 0:41:14]} Rb8 {[%clk 0:27:22]} 28. Nb3 {[%clk 0:39:52]} Ra8
{[%clk 0:27:38]} 29. Ra1 {[%clk 0:36:14]} Bc6 {[%clk 0:27:49]} 30. Nc1
{[%clk 0:32:39]} Nc8 {[%clk 0:26:21]} 31. Nd3 {[%clk 0:32:39]} Nb6
{[%clk 0:26:02]} 32. f5 {[%clk 0:32:41]} Nc4 {[%clk 0:25:34]} 33. Re1
{[%clk 0:29:30]} Re8 {[%clk 0:21:54]} 34. Nxc4 {[%clk 0:23:46]} bxc4
{[%clk 0:21:39]} 35. Rxe8+ {[%clk 0:24:13]} Kxe8 {[%clk 0:21:06]} 36. Nf4
{[%clk 0:24:38]} g5 {[%clk 0:15:00]} 37. fxg6 {[%clk 0:24:10]} fxg6
{[%clk 0:15:22]} 38. g5 {[%clk 0:24:01]} Ke7 {[%clk 0:11:02]} 39. h4
{[%clk 0:23:51]} Kf7 {[%clk 0:10:14]} 40. Kg3 {[%clk 0:53:08]} Kg7
{[%clk 0:38:48]} 41. h5 {[%clk 0:47:31]} Kf7 {[%clk 0:30:44]} 42. Kh4
{[%clk 0:45:47]} Kg7 {[%clk 0:29:17]} 43. Bd1 {[%clk 0:41:28]} Be8
{[%clk 0:27:47]} 44. h6+ {[%clk 0:41:32]} Kf8 {[%clk 0:27:51]} 45. Bc2
{[%clk 0:40:42]} Bf7 {[%clk 0:25:11]} 46. Ba4 {[%clk 0:36:17]} Na8
{[%clk 0:21:45]} 47. Kg3 {[%clk 0:35:47]} Nb6 {[%clk 0:21:09]} 48. Bc2
{[%clk 0:33:28]} Kg8 {[%clk 0:17:18]} 49. Kf2 {[%clk 0:33:09]} a4
{[%clk 0:16:59]} 50. Bd1 {[%clk 0:32:50]} Kf8 {[%clk 0:15:49]} 51. Bf3
{[%clk 0:32:52]} Kg8 {[%clk 0:14:37]} 52. Kg3 {[%clk 0:31:51]} Kf8
{[%clk 0:14:21]} 53. Bg4 {[%clk 0:31:00]} Ke7 {[%clk 0:13:34]} 54. Kh4
{[%clk 0:29:25]} Kf8 {[%clk 0:12:14]} 55. Bd1 {[%clk 0:29:07]} Kg8
{[%clk 0:11:30]} 56. Bf3 {[%clk 0:28:26]} Kf8 {[%clk 0:11:28]} 57. Ng2
{[%clk 0:28:46]} Kg8 {[%clk 0:11:08]} 58. Ne3 {[%clk 0:28:24]} Be6
{[%clk 0:11:24]} 59. Kg3 {[%clk 0:28:23]} Kf8 {[%clk 0:11:22]} 60. Bd1
{[%clk 0:28:10]} Kg8 {[%clk 0:11:30]} 61. Bc2 {[%clk 0:28:31]} Kf8
{[%clk 0:11:41]} 62. Ng2 {[%clk 0:26:06]} Bf7 {[%clk 0:11:45]} 63. Nf4
{[%clk 0:26:25]} Kg8 {[%clk 0:12:11]} 64. Bd1 {[%clk 0:26:35]} Kf8
{[%clk 0:12:24]} 65. Bf3 {[%clk 0:26:46]} Ke7 {[%clk 0:12:35]} 66. Bg4
{[%clk 0:26:38]} Kf8 {[%clk 0:12:49]} 67. Ng2 {[%clk 0:25:40]} Ke7
{[%clk 0:13:02]} 68. Ne3 {[%clk 0:26:05]} Be6 {[%clk 0:13:19]} 69. Bf3
{[%clk 0:24:13]} Kf8 {[%clk 0:13:27]} 70. Bd1 {[%clk 0:24:03]} Kf7
{[%clk 0:13:34]} 71. Bc2 {[%clk 0:24:11]} Kf8 {[%clk 0:13:50]} 1/2-1/2

[Event "WCO 2016"]
[Site "?"]
[Date "2016.09.13"]
[Round "11"]
[Board "9"]
[WhiteID "2300087"]
[White "Stefansson Hannes"]
[BlackID "105309"]
[Black "Peralta Fernando"]
[Result "1/2-1/2"]
[BlackElo "2590"]
[WhiteElo "2574"]
[LiveChessVersion "1.4.8"]

1. d4 {[%clk 1:30:28]} d5 {[%clk 1:30:49]} 2. c4 {[%clk 1:30:17]} e6
{[%clk 1:31:15]} 3. Nf3 {[%clk 1:29:48]} Nf6 {[%clk 1:31:38]} 4. g3
{[%clk 1:29:57]} Bb4+ {[%clk 1:31:54]} 5. Bd2 {[%clk 1:30:07]} Bd6
{[%clk 1:32:06]} 6. Bg2 {[%clk 1:29:39]} c6 {[%clk 1:32:11]} 7. O-O
{[%clk 1:28:25]} Nbd7 {[%clk 1:32:30]} 8. Qc2 {[%clk 1:26:54]} O-O
{[%clk 1:32:42]} 9. Bg5 {[%clk 1:22:07]} h6 {[%clk 1:32:46]} 10. Bxf6
{[%clk 1:22:20]} Nxf6 {[%clk 1:32:59]} 11. Nbd2 {[%clk 1:19:01]} b6
{[%clk 1:33:10]} 12. e4 {[%clk 1:14:52]} Be7 {[%clk 1:33:20]} 13. Rfd1
{[%clk 1:11:32]} Bb7 {[%clk 1:30:59]} 14. Rac1 {[%clk 1:11:04]} Rc8
{[%clk 1:27:24]} 15. Qb1 {[%clk 1:10:01]} Rc7 {[%clk 1:10:19]} 16. Ne5
{[%clk 1:07:11]} Bb4 {[%clk 0:52:57]} 17. Nf1 {[%clk 0:57:24]} Bd6
{[%clk 0:40:44]} 18. Nxc6 {[%clk 0:50:04]} Bxc6 {[%clk 0:29:52]} 19. cxd5
{[%clk 0:47:50]} Ba8 {[%clk 0:28:49]} 20. e5 {[%clk 0:45:48]} Nxd5
{[%clk 0:27:12]} 21. exd6 {[%clk 0:46:12]} Qxd6 {[%clk 0:27:04]} 22. Rxc7
{[%clk 0:46:22]} Qxc7 {[%clk 0:25:52]} 23. Rc1 {[%clk 0:46:27]} Qd7
{[%clk 0:25:16]} 24. Qc2 {[%clk 0:42:38]} Rd8 {[%clk 0:23:02]} 25. Ne3
{[%clk 0:40:21]} Nxe3 {[%clk 0:20:19]} 26. fxe3 {[%clk 0:40:43]} Bxg2
{[%clk 0:20:46]} 27. Qxg2 {[%clk 0:40:51]} e5 {[%clk 0:18:36]} 28. Rd1
{[%clk 0:34:53]} Qg4 {[%clk 0:18:25]} 29. Rd3 {[%clk 0:31:24]} exd4
{[%clk 0:14:45]} 30. Qd2 {[%clk 0:29:35]} Re8 {[%clk 0:12:52]} 31. Rxd4
{[%clk 0:29:55]} Qg5 {[%clk 0:12:53]} 32. Rd7 {[%clk 0:29:58]} a5
{[%clk 0:10:47]} 33. Rd3 {[%clk 0:23:09]} g6 {[%clk 0:09:36]} 34. Qf2
{[%clk 0:22:08]} Qc5 {[%clk 0:04:19]} 35. Qd2 {[%clk 0:22:03]} Qg5
{[%clk 0:04:35]} 36. Qf2 {[%clk 0:21:34]} Qc5 {[%clk 0:02:45]} 37. Qd2
{[%clk 0:21:57]} Qe7 {[%clk 0:02:35]} 38. Rd6 {[%clk 0:21:18]} Qxe3+
{[%clk 0:00:41]} 39. Qxe3 {[%clk 0:21:39]} Rxe3 {[%clk 0:01:09]} 40. Rxb6
{[%clk 0:51:39]} Re2 {[%clk 0:31:24]} 41. a4 {[%clk 0:50:20]} 1/2-1/2